History.edu : essays on teaching with technology /

Bibliographic Details
Other Authors: Trinkle, Dennis A., 1968-, Merriman, Scott A., 1968-
Format: Book
Language:English
Published: Armonk, N.Y. : M.E. Sharpe, [2001]
Subjects:

MARC

Tag First Indicator Second Indicator Subfields
LEADER 00000cam a2200000 a 4500
001 in00001564413
005 20151022091813.0
008 000111s2000 nyu b 001 0 eng
010 |a  00020145  
020 |a 076560549X (alk. paper) 
035 |a (OCoLC)ocm43333468 
040 |a DLC  |c DLC  |d TXA  |d UtOrBLW 
049 |a TXAM 
050 0 0 |a D16.3  |b .H53 2001 
082 0 0 |a 907.1/073  |2 21 
245 0 0 |a History.edu :  |b essays on teaching with technology /  |c Dennis A. Trinkle, Scott A. Merriman, editors. 
264 1 |a Armonk, N.Y. :  |b M.E. Sharpe,  |c [2001] 
264 4 |c ©2001 
300 |a xviii, 266 pages ;  |c 24 cm. 
336 |a text  |b txt  |2 rdacontent 
337 |a unmediated  |b n  |2 rdamedia 
338 |a volume  |b nc  |2 rdacarrier 
504 |a Includes bibliographical references and index. 
650 0 |a History  |x Study and teaching  |z United States. 
650 0 |a History  |x Computer-assisted instruction  |z United States. 
700 1 |a Trinkle, Dennis A.,  |d 1968- 
700 1 |a Merriman, Scott A.,  |d 1968- 
948 |a cataloged  |b h  |c 2000/11/30  |d c  |e dmitchel  |f 12:18:12 pm 
994 |a E0  |b TXA 
999 |a MARS 
999 f f |s db6b87ef-53f7-381e-a862-dcb292f95534  |i f8b2a26a-0b37-3c45-84ce-f081b104e315  |t 0 
952 f f |p ric  |a Texas A&M University  |b Rellis Campus  |c Joint Library Facility  |d Remote Storage  |t 0  |e D16.3 .H53 2001  |h Library of Congress classification  |i unmediated -- volume  |m A14827013796 
998 f f |a D16.3 .H53 2001  |t 0  |l Remote Storage